|
|
|
|
| LEADER |
00000cam a2200000 7i4500 |
| 001 |
0000031536 |
| 005 |
20120307.0 |
| 008 |
120307 |
| 020 |
|
|
|a 9831953143
|
| 090 |
0 |
0 |
|a 649.1
|b ABD
|
| 100 |
0 |
|
|a Abdul Razak Abdullah
|
| 245 |
1 |
0 |
|a Ibu bapa baik, anak bagaimana?
|c Abdul Razak Abdullah
|
| 260 |
|
|
|a Selangor :
|b Karisma ,
|c 2007
|
| 650 |
|
0 |
|a Child rearing
|
| 650 |
|
0 |
|a Parenting
|
| 999 |
|
|
|a 0001130742
|b Book
|c Adult Collection
|e Cawangan Tmn. Ungku Tun Aminah
|
| 999 |
|
|
|a 0001130744
|b Book
|c Adult Collection
|e Cawangan Muar
|
| 999 |
|
|
|a 0001130746
|b Book
|c Adult Collection
|e Cawangan Pontian
|
| 999 |
|
|
|a 0001136881
|b Book
|c Adult Collection
|e Perbadanan Perpustakaan Awam Johor
|
| 999 |
|
|
|a 0001136883
|b Book
|c Adult Collection
|e Perbadanan Perpustakaan Awam Johor
|
| 999 |
|
|
|a 0001136885
|b Book
|c Adult Collection
|e Cawangan Urban Transformation Centre
|